000
00256nam a22001217a 4500
008
180214b xxu||||| |||| 00| 0 eng d
041
_a
eng
080
_a
7
100
_a
41
101
_a
ART
245
_a
PAZSTORY AZTEC ART
_c
ABRAMS
942
_2
udc
_c
BK
999
_c
42522
_d
42522